000 01315cam a22003497a 4500
003 CHAP
005 20220329141956.0
008 981103d1998 mx ab r 00110 spa d
010 _a76558
011 _a77530
035 _a87138
040 _cCHAP
090 _aTesis
100 0 0 _aRamírez Figueroa, Cecilia.
_993984
245 1 0 _aEvaluación del Sistema Nacional de Capacitación y Extensión Rural Integral (SINDER)
_c/por Cecilia Ramírez Figueroa y Juvenal Victoriano González
260 _aChapingo, Méx. :
_bEl autor,
_c1998
300 _a103 h. :
_bilus. ; gráfs. ; mapas ; cuadros ; anexo
502 _aTesis (Lic. en Economía Agrícola) -- UACH. División de Ciencias Económico Administrativas
590 _aALEPH
_b10
_c20130110
_lUCH01
_h1425
590 _aBATCH-UPD
_b10
_c20130110
_lUCH01
_h0445
590 _aBATCH-UPD
_b10
_c20130410
_lUCH01
_h0122
590 _aBATCH-UPD
_b10
_c20130914
_lUCH01
_h0839
590 _aCONVERSION
_b10
_c20130109
_lUCH01
_h1342
650 1 4 _aCapacitación.
_918690
650 1 4 _aExtensión agrícola
_xMéxico.
_939173
700 0 _aVictoriano González, Juvenal.
_9119089
901 _aBK
905 _aMarco A. Mendoza T.
942 _cFOLL
949 _bBC
_cTES
_d33724000590535
_eTS2
_fc.2
_h33017
_i87138
_sb
949 _bBC
_cTES
_d871381
_eTS1
_h33016
_i87138
_sb
999 _c76558
_d76558